| 000 | 00568nam a22002177a 4500 | ||
|---|---|---|---|
| 003 | OSt | ||
| 005 | 20151204144227.0 | ||
| 008 | 151204b xxu||||| |||| 00| 0 eng d | ||
| 020 | _a 9780716764281 | ||
| 020 | _a0716764288, | ||
| 040 | _cDDC | ||
| 082 | _a150 MYE 2007 | ||
| 100 |
_aMyers, David G. _96504 |
||
| 245 | _aPsychology | ||
| 250 | _a8th ed. | ||
| 260 | _aNew York; Worth publishers, 2007 | ||
| 300 | _axxxvii,772p; col.ill: 28.5cm | ||
| 504 | _aAppendices,glossary, references, & indices included | ||
| 650 |
_aPsychology _931 |
||
| 942 |
_2z _cO_SHELF |
||
| 999 |
_c2823 _d2823 |
||